Países más grandes que España - muerte súbita - Estadísticas

Estadísticas generales
  • Esta prueba ha sido intentada 348 veces
  • La puntuación promedio es 7 de 16
Answers on the Grid
Answers color-coded by a green-red scale on the quiz's grid according to % correct below.
Albania
Armenia
Afganistán
Chile
Brasil
Rusia
Australia
Noruega
Reino Unido
Kenia
Suecia
Pakistan
Egipto
Madagascar
Islandia
Francia
Paraguay
Surinam
Nueva Zelanda
Ucrania
Laos
Camboya
Tailandia
Kirguistán
Sudán
Yemen
Botsuana
Turkmenistán
Omán
República Centroafricana
 
Estadísticas de respuestas
Respuesta % Correcto
Rusia
74%
Brasil
73%
Australia
66%
Ucrania
60%
Francia
59%
Egipto
56%
Pakistan
46%
Sudán
44%
Afganistán
37%
Chile
25%
República Centroafricana
25%
Kenia
23%
Madagascar
21%
Tailandia
19%
Botsuana
18%
Yemen
8%
No se encontraron pruebas coincidentes
Distribución de puntuación
Porcentaje de gente con cada puntuación
Porcentaje por número respondido
Historial de tus puntuaciones
No has intentado esta prueba.